Statistics for Atalanta Squad 2018-2019

Click here to take the quiz!

General Stats

  • This quiz has been taken 31 times
    (29 since last reset)
  • The average score is 16 of 28

Answer Stats

RuoloGiocatoreNazionalità% Correct
STPapu GómezArgentina
100%
STDuván ZapataColombia
96%
CAMJosip IličićSlovenia
96%
GKEtrit BerishaAlbania
87%
RBHans HateboerNetherlands
83%
CMMarten de RoonNetherlands
83%
CBRafael TolóiBrazil
83%
CMMario PašalićCroatia
74%
GKPierluigi GolliniItaly
74%
CMRemo FreulerSwitzerland
74%
LBRobin GosensGermany
74%
RBTimothy CastagneBelgium
74%
CBBerat DjimsitiAlbania
65%
CBGianluca ManciniItaly
65%
CBJosé Luis PalominoArgentina
65%
STMusa BarrowGambia
65%
CBAndrea MasielloItaly
57%
LBArkadiusz RecaPoland
57%
LBAli AdnanIraq
52%
CMMatteo PessinaItaly
48%
GKFrancesco RossiItaly
39%
RWEmiliano RigoniArgentina
35%
CMLuca ValzaniaItaly
22%
CBDavide BettellaItaly
17%
STMarco TumminelloItaly
17%
CBMarco VarnierItaly
17%
RBConstantin NicaRomania
9%
RMNicolò FazziItaly
0%

Score Distribution

Percentile by Number Answered

Percent of People with Each Score

Your Score History

You have not taken this quiz since the last reset